List of Stop-Motion Animated Movies - Statistics

General Stats
  • This quiz has been taken 88 times
  • The average score is 11 of 18
Answer Stats
Answer % Correct
Coraline
88%
Wallace and Gromit: The Best of Aardman
83%
Wallace and Gromit: The Curse of the Were-Rabbit
83%
Chicken Run
81%
The Nightmare Before Christmas
71%
Corpse Bride
67%
Shaun the Sheep Movie
67%
Fantastic Mr. Fox
64%
Kubo and the Two Strings
64%
The Boxtrolls
62%
Missing Link
57%
ParaNorman
57%
Isle of Dogs
55%
Frankenweenie
50%
Early Man
38%
James and the Giant Peach
38%
The Pirates! Band of Misfits
36%
Anomalisa
29%
No matching quizzes found
Score Distribution
Percent of People with Each Score
Percentile by Number Answered
Your Score History
You have not taken this quiz